000 00457nam a2200169 i 4500
001 bg
100 1 _aOBŁÓJ, Krzysztof.
245 1 0 _aZarządzanie :
_bujęcie praktyczne /
_cKrzysztof Obłój.
260 _aWarszawa :
_bPaństwowe Wydawnictwo Ekonomiczne,
_c1986.
650 9 _aZarządzanie
655 _aPodręczniki akademickie
040 _cBPK
041 _apol
080 _a005(075.8)
942 _cKS
008 s pl f |000 0 pol
999 _c3417
_d3417
856 _uhttp://koha.tu.koszalin.pl/cgi-bin/koha/opac-detail.pl?biblionumber=3417
_yKatalog online BPK